Ontario Public Service Employment and Labour Law

Detalles Bibliográficos
Autor principal: Hadwen, Timothy
Otros Autores: Strang, David, Marvy, Leonard, Eady, Don
Formato: eBook
Lenguaje:inglés
Publicado: Toronto: Irwin Law Inc., 2005
Materias:
Acceso en línea:Acceso restringido

MARC

LEADER 00000nam a22000007a 4500
005 20210813110058.0
007 cr|||| ||||
008 210813s2005 ca |||||s|||| 00||0 eng d
020 |a 978-155221-281-3 
035 |a 34868 
040 |a vLex 
090 |c 12008  |d 12008 
100 1 |a Hadwen, Timothy 
245 1 0 |a Ontario Public Service Employment and Labour Law  |h [Recurso electrn̤ico] /  |c Timothy Hadwen, David Strang, Leonard Marvy, Don Eady 
256 |a Servicio en ln̕ea 
260 |a Toronto:  |b Irwin Law Inc.,  |c 2005 
300 |a 1 recurso electrn̤ico 
506 1 |a Disponible solo en los productos indicados  |d vLex Global  |d vLex Global (Academic Edition, excluding Law Schools)  |d vLex Global (U.S. Academic Edition, Law Schools)  |d vLex Global (U.S. Academic Edition, excluding Law Schools)  |d vLex Global (Academic Edition, Law Schools) 
650 0 4 |a Derecho Laboral y Seguridad Social  |z Canad̀ 
700 1 |a Strang, David 
700 1 |a Marvy, Leonard 
700 1 |a Eady, Don 
740 0 |a vLex Libros (Servicio en ln̕ea) 
856 4 0 |u https://app.vlex.com/#/sources/34868  |z Acceso restringido 
942 |c BOOK 
999 0 |a Labor law and social security